=LDR 00000nam 2200000 4500 =001 INLIS000000000048568 =005 20161123130618.0 =006 =007 =008 =020 ##$$a 978-602-274-232-06 =035 ##$$0010-111600000000147 =040 ##$$a NBPDMAT =082 ##$$a 362.110 60 =090 ##$$a 362.110 60 $bEva d =100 ##$$a Evatya Luna =245 ##$$a Dari arsada untuk Indonesia $c / Evatya Luna; Penyunting Aminah Nur Utami =260 ##$$a Jakarta $b Asosiasi Rumah Sakit Daerah Seluruh Indonesia $c 2015 =300 ##$$a xxiv, 392 hlm. : $b ilus. ; $c 20 cm =650 ##$$a Rumah Sakit-Asosiasi =700 ##$$a Aminah Nur Utami =850 ##$$a NBPDMAT =990 ##$$a 31600035 =990 ##$$a 31600065